| Tag |
First Indicator |
Second Indicator |
Subfields |
| LEADER |
00000cam a2200000 4500 |
| 001 |
in00005779539 |
| 005 |
20260424193239.0 |
| 008 |
740401s1972 akua b s000 0 eng |
| 010 |
|
|
|a 73623383
|
| 040 |
|
|
|a DLC
|b eng
|c DLC
|d BTCTA
|d OCLCO
|d OCLCF
|d OCLCQ
|d UAF
|d OCLCO
|d OCLCL
|
| 035 |
|
|
|a (OCoLC)874039
|
| 043 |
|
|
|a n-us-ak
|
| 050 |
0 |
0 |
|a GB651
|b .A43 no. 19
|
| 100 |
1 |
|
|a Greenwood, Julian K.
|
| 245 |
1 |
0 |
|a Factors affecting water management on the North Slope of Alaska
|c [by] Julian K. Greenwood and R. Sage Murphy.
|
| 264 |
|
1 |
|a Fairbanks,
|b Institute of Water Resources,
|c 1972.
|
| 300 |
|
|
|a 42 pages
|b illustrations
|c 23 cm.
|
| 336 |
|
|
|a text
|b txt
|2 rdacontent
|
| 337 |
|
|
|a unmediated
|b n
|2 rdamedia
|
| 338 |
|
|
|a volume
|b nc
|2 rdacarrier
|
| 490 |
1 |
|
|a Sea grant report no. 72-3
|
| 490 |
1 |
|
|a Institute of Water Resources. Report no. IWR 19
|
| 504 |
|
|
|a Includes bibliographical references (pages 41-42).
|
| 650 |
|
0 |
|a Water quality management
|z Alaska
|z North Slope.
|
| 650 |
|
0 |
|a Water conservation
|z Alaska
|z North Slope.
|
| 650 |
|
7 |
|a Water conservation.
|2 fast
|0 (OCoLC)fst01171608
|
| 650 |
|
7 |
|a Water quality management.
|2 fast
|0 (OCoLC)fst01171900
|
| 651 |
|
7 |
|a Alaska
|z North Slope.
|2 fast
|0 (OCoLC)fst01242508
|
| 700 |
1 |
|
|a Murphy, R. Sage,
|e author.
|
| 830 |
|
0 |
|a Report (University of Alaska Fairbanks. Institute of Water Resources) ;
|v no. IWR-19.
|
| 830 |
|
0 |
|a Alaska sea grant report ;
|v no. 72-3.
|
| 938 |
|
|
|a Baker and Taylor
|b BTCP
|n 73623383
|
| 029 |
1 |
|
|a AU@
|b 000025053861
|
| 994 |
|
|
|a Z0
|b TXA
|
| 948 |
|
|
|h NO HOLDINGS IN TXA - 20 OTHER HOLDINGS
|
| 999 |
f |
f |
|i be68d01e-0d0a-4f45-9219-b38330b00f8b
|s b8b36498-4442-496c-8930-f39492cfd84e
|t 0
|
| 952 |
f |
f |
|p ric
|a Texas A&M University
|b Rellis Campus
|c Joint Library Facility
|s JLF
|d Remote Storage
|t 0
|e GB651 .A43 no. 19
|h Library of Congress classification
|i unmediated -- volume
|m A14852433409
|
| 998 |
f |
f |
|a GB651 .A43 no. 19
|t 0
|l Remote Storage
|